000 01783nab a22003137a 4500
999 _c5636
_d5636
003 OSt
005 20251224102936.0
008 190603e xxum|||| |||| 00| 0 spa d
040 _cPJ
100 _96607
_aGonzález Vila, Diego Sebastián
245 1 0 _aReintegro del precio del pasaje como deuda de valor en el contrato de transporte aéreo de pasajeros: garantía del principio protectorio consumeril de rango constitucional /
_cDiego Sebastián González Vila.
260 _cCiudad Autónoma de Buenos Aires :
_aThomson Reuters La Ley,
_b2025.
300 _ap. 25-57
500 _aCita: TR LALEY AR/DOC/30/2025 Publicado en: RCCyC 2025 (febrero) , 25.
505 _aSumario: I. Introducción.— II. El contrato de transporte aéreo de personas como relación de consumo (art. 42 CN). Noción para distinguir un vuelo nacional del internacional y la normativa aplicable.— III. El momento de perfección del contrato de transporte aéreo. La cancelación del vuelo por causas no imputables a las partes. El reintegro como deuda de valor (art. 772 Cód. Civ. y Com.).— IV. Conclusión.
505 _t¿Te interesa el texto completo? Solicitalo al correo: koha@justierradelfuego.gov.ar
650 0 _96340
_aTRANSPORTE AÉREO DE PASAJEROS
650 0 _92608
_aDERECHOS DEL CONSUMIDOR
650 0 _92600
_aLEY DE DEFENSA DEL CONSUMIDOR
650 0 _91497
_aCODIGO CIVIL Y COMERCIAL
650 0 _94552
_aRELACION DE CONSUMO
650 0 _91382
_aINDEMNIZACION
650 0 _9533
_aINTERESES
650 0 _93092
_aPRESCRIPCIÓN
650 0 _95410
_aFUERZA MAYOR
650 0 _95287
_aSERVICIOS AÉREOS
773 0 _02713
_93170
_dCiudad Autónoma de Buenos Aires : Thomson Reuters La Ley, 2015-
_tRevista Código Civil y Comercial. Nº 1 - Febrero 2025
942 _2udc
_cANA